| 000 | 00484nam a2200145 i 4500 | ||
|---|---|---|---|
| 001 | 41109 | ||
| 003 | ES-MaACL | ||
| 005 | 20230906160356.0 | ||
| 007 | t| | ||
| 008 | 030310s1874 sp ||||1| spa d | ||
| 245 | 0 | 0 |
_aCartilla topográfica para la inteligencia de los planos militares y formación de croquis... / _cpublicada por el Depósito de la Guerra. |
| 260 |
_aMadrid : _b[s.n.], _c1874. |
||
| 710 | 1 |
_aEspaña. _bDepósito de la Guerra. _9167579 |
|
| 852 |
_aES-MaACL _jT-192-F-1 |
||
| 999 |
_c41109 _d41109 |
||